000 00732cam a2200193 a 4500
001 000001102
005 20200929145457.0
008 720804s1969 ve 000 0 spa
040 _aDO-SdBNP
_bspa
_cBNPHU
082 _a920
_bG768c
100 1 _aGrass, Günter,
_d1927-
_93769
245 1 0 _aCartas a través de la frontera :
_btentativa de diálogo entre Este y Oeste /
_cGünter Grass, Pavel Kohout ; prólogo de Dieter E. Zimmer.
260 _aCaracas :
_bMone Ávila,
_c1969.
300 _a113 p. : ;
_c20 cm.
440 0 _aPrisma
_93770
600 1 4 _aGRASS, GUNTER
_d1927-
_xCORRESPONDENCIA, MEMORIAS, ETC.
_93771
600 1 4 _aKOHOUT, PAVEL
_d1928-
_xCORRESPONDENCIA, MEMORIAS, ETC.
_93772
700 1 _aZimmer, Dieter E.
_epról.
_93773
999 _c1061
_d1061